[Event "Ann Arbor (MLS Jul/4/4)"]
[Site "?"]
[Date "1995.??.??"]
[Round "?"]
[White "Smalec, John"]
[Black "Zaremba, Andrei"]
[Result "0-1"]
[WhiteElo "1755"]
[BlackElo "2085"]
[PlyCount "69"]
[EventDate "1995.??.??"]

{4/(4)} 1. e4 c5 2. Nf3 d6 3. Bb5+ Bd7 4. Bxd7+ Nxd7 5. O-O e5 6. c3 Ngf6 7. d4
Be7 8. Qe2 O-O 9. Nbd2 Qc7 10. d5 Nh5 11. Nc4 Nf4 12. Bxf4 exf4 13. Rfe1 Ne5
14. Rad1 f6 15. Nh4 g6 16. Nxe5 fxe5 17. Qg4 Bxh4 18. Qxh4 Qg7 19. Rd3 h5 20.
c4 Rf7 21. Rc1 Qh6 22. Rcc3 g5 23. Qh3 g4 24. Qh4 Kh7 25. Kf1 Qg6 26. h3 Kg7
27. f3 gxh3 28. Qxh3 Kh6 29. Qe6 Rf6 30. Qd7 Rg8 31. Qh3 Qg3 32. Qxg3 Rxg3 33.
Ra3 a6 34. Rab3 Rg7 35. Rb6 {[Remainder illegible; 0-1, 53?]} 0-1

[Event "East Lansing (MI Op/6/27)"]
[Site "?"]
[Date "1995.??.??"]
[Round "?"]
[White "Smalec, John"]
[Black "Skidmore, Jennifer"]
[Result "0-1"]
[WhiteElo "1760"]
[BlackElo "1940"]
[PlyCount "38"]
[EventDate "1995.??.??"]

{6/(27)} 1. e4 e5 2. Nf3 d6 3. d4 Nf6 4. Nc3 exd4 5. Nxd4 Be7 6. Bc4 a6 7. a4
O-O 8. Bg5 c5 9. Nf5 Bxf5 10. exf5 Nc6 11. Qd2 Nd4 12. O-O-O b5 13. Bxf6 Bxf6
14. Bd5 Rb8 15. g4 Re8 16. Rde1 bxa4 17. Nxa4 Re5 18. Rxe5 dxe5 19. Be4 Bg5 0-1

[Event "Gaylord (NMO/1/11)"]
[Site "?"]
[Date "1995.??.??"]
[Round "?"]
[White "Smalec, John"]
[Black "Rodriguez, P."]
[Result "1-0"]
[WhiteElo "1715"]
[BlackElo "1605"]
[PlyCount "49"]
[EventDate "1995.??.??"]

{1/(11)} 1. e4 c5 2. Nf3 d6 3. Bb5+ Bd7 4. Bxd7+ Nxd7 5. O-O Ngf6 6. Re1 g6 7.
c3 Bg7 8. d4 O-O 9. Bg5 Rc8 10. Qe2 Re8 11. Nbd2 a6 12. Rad1 b5 13. e5 dxe5 14.
dxe5 Nd5 15. e6 Nf8 16. exf7+ Kxf7 17. Ne5+ Kg8 18. Ndf3 Qd6 19. Qe4 e6 20. Qh4
Rc7 21. Bf6 h5 22. Bxg7 Kxg7 23. Qg5 Nd7 24. Qxg6+ Kf8 25. Qf7# 1-0

[Event "Grand Rapids (MI Am/3/16)"]
[Site "?"]
[Date "1995.??.??"]
[Round "?"]
[White "Smalec, John"]
[Black "Moulter, Al"]
[Result "1-0"]
[WhiteElo "1760"]
[BlackElo "1605"]
[PlyCount "67"]
[EventDate "1995.??.??"]

{3/(16)} 1. e4 e5 2. Nf3 Nc6 3. Bc4 h6 4. d4 d6 5. dxe5 dxe5 6. Qxd8+ Nxd8 7.
Nxe5 Nf6 8. O-O Be6 9. Bxe6 Nxe6 10. Nc3 O-O-O 11. Nxf7 Bd6 12. Nxh8 Rxh8 13.
Re1 Nd4 14. Rb1 Be5 15. f4 Nf3+ 16. gxf3 Bd4+ 17. Be3 Bxe3+ 18. Rxe3 Rf8 19.
Rd1 a6 20. Nd5 Nxd5 21. Rxd5 Rxf4 22. Red3 b6 23. Kf2 Rf7 24. Rd8+ Kb7 25. R3d7
Rxd7 26. Rxd7 g5 27. Rh7 a5 28. Rxh6 c5 29. Rd6 Kc7 30. e5 c4 31. Rd4 b5 32. e6
Kc6 33. e7 Kc5 34. c3 1-0

[Event "Gaylord (NMO/4/6)"]
[Site "?"]
[Date "1995.??.??"]
[Round "?"]
[White "Smalec, John"]
[Black "Mitchell, J."]
[Result "0-1"]
[WhiteElo "1715"]
[BlackElo "1620"]
[PlyCount "130"]
[EventDate "1995.??.??"]

{4/(6)} 1. e4 c6 2. d4 d5 3. e5 Bf5 4. g4 Bg6 5. h4 h5 6. Ne2 hxg4 7. Nf4 Be4
8. Rh2 Bf3 9. Be2 e6 10. h5 Bxe2 11. Qxe2 Nh6 12. Nc3 Nd7 13. Bd2 Qb6 14. O-O-O
Qxd4 15. Nxe6 fxe6 16. Bxh6 Qxe5 17. Qxe5 Nxe5 18. Bf4 Bd6 19. Bg3 Kd7 20. Rhh1
Raf8 21. Rd4 Nf3 22. Rxg4 Rf7 23. Rg6 Bxg3 24. fxg3 Rh6 25. Rg4 Ne5 26. Rg5 Kd6
27. Rd1 g6 28. Ne4+ Ke7 29. Rxe5 dxe4 30. hxg6 Rxg6 31. Rg1 Rg4 32. Re1 Rxg3
33. R5xe4 Rg6 34. Ra4 a6 35. Rb4 Kd6 36. Rbe4 Rf5 37. Rd1+ Rd5 38. Rde1 Rf6 39.
Rb4 Kc7 40. Rbe4 Kd6 41. Rb4 b5 42. Rbe4 e5 43. Rg1 Rf2 44. Re3 Rdd2 45. Rg6+
Kc7 46. Rc3 Rd6 47. Rg7+ Kb6 48. Rg1 e4 49. Re1 Rf3 50. Rce3 Rxe3 51. Rxe3 Re6
52. b4 c5 53. a3 c4 54. Kd2 Kc6 55. Kc3 Kd5 56. Kd2 Rf6 57. Ke2 Rf3 58. c3
Rxe3+ 59. Kxe3 Ke5 60. Ke2 Kf4 61. Kf2 e3+ 62. Ke2 Ke4 63. Ke1 Kd3 64. Kd1 Kxc3
65. Ke2 Kd4 0-1

[Event "East Lansing (MI Op/2/36)"]
[Site "?"]
[Date "1995.??.??"]
[Round "?"]
[White "Smalec, John"]
[Black "Lubben, Don"]
[Result "1-0"]
[WhiteElo "1760"]
[BlackElo "1855"]
[PlyCount "71"]
[EventDate "1995.??.??"]

{2/(36)} 1. e4 e6 2. d4 d5 3. Nc3 Bb4 4. Qg4 Nf6 5. Qxg7 Rg8 6. Qh6 Rg6 7. Qe3
Nxe4 8. Nf3 c5 9. Bb5+ Bd7 10. O-O Bxb5 11. Nxb5 Qb6 12. c4 Nc6 13. Qf4 cxd4
14. Nc7+ Ke7 15. Nxa8 Qd8 16. cxd5 Qxd5 17. Nc7 Qa5 18. Qxe4 Qxc7 19. a3 Bc5
20. Bg5+ f6 21. Bh4 e5 22. Rac1 Bb6 23. Rfd1 Qd7 24. Nxe5 Nxe5 25. Qxe5+ Kf7
26. Qe4 Kg7 27. Bg3 Rg4 28. Qd3 h5 29. h3 Rg5 30. Re1 Qd5 31. Re7+ Kf8 32. Rce1
f5 33. Re8+ Kf7 34. R1e7+ Kf6 35. Be5+ Kg6 36. Rg7+ 1-0

[Event "East Lansing (Class B/1/13)"]
[Site "?"]
[Date "1995.??.??"]
[Round "?"]
[White "Smalec, John"]
[Black "Griffin, John"]
[Result "1-0"]
[WhiteElo "1705"]
[BlackElo "1605"]
[PlyCount "103"]
[EventDate "1995.??.??"]

{1/(13)} 1. e4 c5 2. Nf3 Nc6 3. d4 cxd4 4. Nxd4 Nf6 5. Nc3 e5 6. Ndb5 d6 7. Bg5
a6 8. Bxf6 gxf6 9. Na3 b5 10. Nd5 f5 11. Bd3 Be6 12. Qd2 Bg7 13. O-O-O Rb8 14.
Kb1 f4 15. g3 Bxd5 16. exd5 Nd4 17. gxf4 Bh6 18. Qe3 Bxf4 19. Qe4 f5 20. Qg2 e4
21. Bxe4 fxe4 22. Qxe4+ Be5 23. Rxd4 Kd7 24. Rd3 Qf6 25. Rf3 Qg7 26. Qf5+ Kc7
27. Qf7+ Qxf7 28. Rxf7+ Kc8 29. f4 Bd4 30. c3 Bf2 31. Rf1 Bh4 32. Nc2 Rb7 33.
Rxb7 Kxb7 34. Rg1 Rf8 35. Rg4 Bf2 36. Nd4 Bxd4 37. cxd4 h5 38. Rh4 Rf5 39. Kc2
Rxd5 40. Kd3 Rf5 41. Ke4 Rf6 42. Rxh5 Kc6 43. h4 a5 44. Rd5 Rh6 45. h5 a4 46.
f5 Rh8 47. f6 Rf8 48. Kf5 Kxd5 49. Kg6 Ke6 50. d5+ Kd7 51. Kg7 Rb8 52. f7 1-0

[Event "Grand Rapids (MI Am/1/18)"]
[Site "?"]
[Date "1995.??.??"]
[Round "?"]
[White "Smalec, John"]
[Black "Clark, R."]
[Result "1-0"]
[WhiteElo "1760"]
[BlackElo "1605"]
[PlyCount "77"]
[EventDate "1995.??.??"]

{1/(18)} 1. e4 g6 2. d4 Bg7 3. Nf3 d6 4. Bd3 Nc6 5. c3 Bg4 6. h3 Bxf3 7. Qxf3
e5 8. d5 Nce7 9. Bg5 Qd7 10. a4 a6 11. Nd2 Nc8 12. Nc4 Nge7 13. Ne3 Rf8 14. Bf6
Bxf6 15. Qxf6 Ng8 16. Qh4 h5 17. g4 Nce7 18. gxh5 gxh5 19. Qxh5 O-O-O 20. Be2
Nf6 21. Qh4 Nfg8 22. Rg1 Kb8 23. Bh5 f5 24. Rg7 Ng6 25. Rxg6 fxe4 26. Bg4 Qf7
27. Re6 Nf6 28. Ke2 Nxg4 29. hxg4 Qf3+ 30. Ke1 Rh8 31. Rh6 Rhf8 32. Rh5 Ka7 33.
b4 b6 34. Rh7 Rf6 35. Rxc7+ Kb8 36. Rc6 Rdf8 37. Ra2 Qxe3+ 38. fxe3 Rf1+ 39.
Ke2 1-0

[Event "East Lansing (MI Op/4/20)"]
[Site "?"]
[Date "1995.??.??"]
[Round "?"]
[White "Smalec, John"]
[Black "Chehayeb, Sal"]
[Result "1/2-1/2"]
[WhiteElo "1760"]
[BlackElo "2055"]
[PlyCount "120"]
[EventDate "1995.??.??"]

{4/(20)} 1. e4 c5 2. Nf3 d6 3. Bb5+ Nc6 4. O-O Bd7 5. c3 Nf6 6. Re1 e6 7. d4 d5
8. exd5 Nxd5 9. dxc5 Be7 10. b4 O-O 11. Bc4 Bf6 12. Bxd5 exd5 13. a3 Bf5 14.
Bb2 Re8 15. Nbd2 Qc7 16. Nb3 Ne5 17. Nxe5 Bxe5 18. h3 Rad8 19. Nd4 Be4 20. Qg4
h5 21. Qxh5 g6 22. Qg4 Kg7 23. Rad1 Rh8 24. f3 Bxd4+ 25. Rxd4 f5 26. Qg5 Rh5
27. Qd2 Bxf3 28. Qf4 Qxf4 29. Rxf4 Be4 30. Rd1 Kf7 31. c4 Ke6 32. cxd5+ Rxd5
33. Rxd5 Kxd5 34. Rf2 Rh7 35. Rd2+ Kc4 36. Kf2 a5 37. bxa5 Kxc5 38. Ke3 Kb5 39.
Bc3 Rc7 40. Bb4 Rc4 41. h4 Bc6 42. g3 Rg4 43. Kf2 Kc4 44. Rc2+ Kd3 45. Rd2+ Kc4
46. Rc2+ Kd5 47. Re2 Kd4 48. Rc2 f4 49. Rd2+ Kc4 50. gxf4 Rxh4 51. Kg3 Rh1 52.
Kf2 Rh2+ 53. Ke3 Rh3+ 54. Kf2 Bf3 55. Ke3 Bd5+ 56. Ke2 Be4 57. Rd6 Rf3 58. Rf6
Rb3 59. Rd6 Bf3+ 60. Kf2 Be4 1/2-1/2

[Event "Ann Arbor (MLS Jul/3/5)"]
[Site "?"]
[Date "1995.??.??"]
[Round "?"]
[White "Smalec, John"]
[Black "Ashton, Jeff"]
[Result "1-0"]
[WhiteElo "1755"]
[BlackElo "1610"]
[PlyCount "55"]
[EventDate "1995.??.??"]

{3/(5)} 1. e4 c5 2. Nf3 Nc6 3. Bb5 g6 4. O-O Bg7 5. Re1 d6 6. Bxc6+ bxc6 7. c4
e5 8. Nc3 Ne7 9. d3 f5 10. exf5 gxf5 11. Ng5 Ng6 12. f4 Bf6 13. Qh5 Bxg5 14.
fxg5 Be6 15. Be3 Kd7 16. Qh6 Qf8 17. Qh5 d5 18. Bd2 e4 19. dxe4 d4 20. Na4 Bxc4
21. Rac1 Bxa2 22. Nxc5+ Kc7 23. b3 Qf7 24. Qf3 Rab8 25. exf5 Ne7 26. Rxe7+ Qxe7
27. Ne6+ Kb6 28. Qxc6# 1-0

[Event "Grand Rapids (MI Am/5/21)"]
[Site "?"]
[Date "1995.??.??"]
[Round "?"]
[White "Slovinski, R."]
[Black "Vander Horst, D."]
[Result "1-0"]
[WhiteElo "1605"]
[BlackElo "1605"]
[PlyCount "111"]
[EventDate "1995.??.??"]

{5/(21)} 1. d4 d5 2. Nf3 Nc6 3. h3 Bf5 4. e3 e6 5. c4 Nf6 6. a3 Bd6 7. c5 Be7
8. Qa4 O-O 9. Nc3 Ne4 10. Bd2 Bf6 11. b4 Nxd2 12. Nxd2 e5 13. Bb5 Ne7 14. Nf3
exd4 15. Nxd4 Bxd4 16. exd4 c6 17. Be2 Qd7 18. Qd1 Rfe8 19. Bg4 Ng6+ 20. Kf1
Bxg4 21. Qxg4 Qxg4 22. hxg4 Re7 23. g3 Rae8 24. Kg2 Nf8 25. b5 Ne6 26. Rhd1 Ng5
27. bxc6 bxc6 28. Rab1 Ne4 29. Nxe4 Rxe4 30. Rb7 R4e7 31. Rxe7 Rxe7 32. Rb1 g6
33. Kf3 Kg7 34. Rb8 Re4 35. Rc8 Rxd4 36. Rxc6 Rd3+ 37. Kf4 Rxa3 38. Ke5 Rd3 39.
Rc8 a5 40. c6 a4 41. c7 a3 42. Rg8+ Kh6 43. g5+ Kxg5 44. c8=Q a2 45. Qc1+ Kg4
46. Ra8 f6+ 47. Kd6 Rd4 48. Rxa2 Rc4 49. Qd1+ Kg5 50. Qxd5+ f5 51. Qxc4 h5 52.
Ke6 Kh6 53. Qc1+ f4 54. Qxf4+ g5 55. Qf6+ Kh7 56. Ra7+ 1-0

[Event "Grand Rapids (MI Am/1/33)"]
[Site "?"]
[Date "1995.??.??"]
[Round "?"]
[White "Slovinski, R."]
[Black "Van de Steeg, D."]
[Result "1-0"]
[WhiteElo "1605"]
[BlackElo "1605"]
[PlyCount "83"]
[EventDate "1995.??.??"]

{1/(33)} 1. d4 d5 2. Nf3 Nc6 3. c3 e6 4. Bg5 Be7 5. Bxe7 Ngxe7 6. e3 b6 7. Bd3
Bb7 8. Nbd2 Ng6 9. O-O e5 10. e4 exd4 11. cxd4 Qf6 12. e5 Ncxe5 13. Re1 O-O-O
14. Nxe5 Nf4 15. Qg4+ Kb8 16. Nd7+ Rxd7 17. Qxd7 Nxd3 18. Re8+ Rxe8 19. Qxe8+
Bc8 20. Nf3 g5 21. Rf1 g4 22. Ne5 Nxe5 23. Qxe5 Qc6 24. Re1 Ba6 25. Qh8+ Kb7
26. g3 Qc4 27. b3 Qc2 28. Ra1 Qb2 29. Re1 Be2 30. Qf6 Qxa2 31. Rxe2 Qxe2 32.
Qxf7 Qd1+ 33. Kg2 Qxb3 34. Qxh7 Qf3+ 35. Kf1 a5 36. Qc2 Qe4 37. Qb2 c5 38. dxc5
d4 39. Qxb6+ Kc8 40. c6 Qc2 41. Qb7+ Kd8 42. Qd7# 1-0

[Event "Grand Rapids (MI Am/3/22)"]
[Site "?"]
[Date "1995.??.??"]
[Round "?"]
[White "Slovinski, R."]
[Black "Praveen, K."]
[Result "1-0"]
[WhiteElo "1605"]
[BlackElo "1605"]
[PlyCount "97"]
[EventDate "1995.??.??"]

{3/(22)} 1. d4 d5 2. Nf3 Nc6 3. c3 Nf6 4. e3 Bg4 5. Nbd2 e5 6. Qb3 Bd6 7. c4
Bb4 8. a3 Bxd2+ 9. Bxd2 Bxf3 10. gxf3 exd4 11. Qxb7 Ne5 12. O-O-O Nxf3 13. Bg2
Ne5 14. Bb4 Nfd7 15. Bxd5 Rb8 16. Qxa7 c6 17. f4 Ng4 18. Bxc6 Rc8 19. Qb7 Rc7
20. Bxd7+ Rxd7 21. Qe4+ Re7 22. Qxe7+ Qxe7 23. Bxe7 Kxe7 24. Rxd4 f5 25. h3 Nf2
26. Rh2 Ne4 27. Rxe4+ fxe4 28. Rd2 h6 29. Rd4 g5 30. Rxe4+ Kd6 31. Rd4+ Kc6 32.
b4 Re8 33. Kd2 Ra8 34. Rd3 Ra7 35. fxg5 hxg5 36. e4 Ra8 37. Ke3 Rf8 38. Rd5 Rh8
39. a4 Rxh3+ 40. Kd4 g4 41. Rg5 g3 42. Ke5 Kb6 43. Kd5 Kc7 44. a5 Kb7 45. e5
Kc7 46. e6 Kd8 47. Kd6 Kc8 48. b5 Kd8 49. Rg8# 1-0

[Event "East Lansing (MI Op/6/31)"]
[Site "?"]
[Date "1995.??.??"]
[Round "?"]
[White "Sledge, Ernest"]
[Black "Walker, LeRoy"]
[Result "1/2-1/2"]
[WhiteElo "1835"]
[BlackElo "1900"]
[PlyCount "20"]
[EventDate "1995.??.??"]

{6/(31)} 1. e4 c6 2. d4 d5 3. e5 Bf5 4. Nf3 e6 5. Be2 Nd7 6. O-O Ne7 7. c3 c5
8. Na3 a6 9. Nc2 Nc6 10. a3 Rc8 1/2-1/2

[Event "East Lansing (MI Op/1b/12)"]
[Site "?"]
[Date "1995.??.??"]
[Round "?"]
[White "Sledge, Ernest"]
[Black "Foote, F."]
[Result "0-1"]
[WhiteElo "1835"]
[BlackElo "2045"]
[PlyCount "110"]
[EventDate "1995.??.??"]

1. e4 e5 2. Nf3 Nc6 3. Nc3 Nf6 4. Bc4 Bc5 5. O-O d6 6. h3 h6 7. a3 Be6 8. Bb5
O-O 9. Bxc6 bxc6 10. d4 Bxd4 11. Nxd4 exd4 12. Qxd4 Re8 13. f4 Qe7 14. b3 Bd7
15. Bb2 c5 16. Qd3 Bc6 17. Rae1 Bxe4 18. Qg3 Qf8 19. Nb5 Nd5 20. c4 a6 21. Nc3
Nf6 22. Re3 Bc6 23. Rfe1 Rxe3 24. Rxe3 Re8 25. Rxe8 Nxe8 26. Qe3 f5 27. Nd5
Bxd5 28. cxd5 Qf7 29. Qe2 Kf8 30. Qd3 g6 31. Qxa6 Qxd5 32. Qc4 Qxc4 33. bxc4
Ke7 34. Kf2 c6 35. Ke3 d5 36. Be5 Nd6 37. cxd5 cxd5 38. Kd3 Kd7 39. a4 Kc6 40.
g4 h5 41. gxh5 gxh5 42. h4 Nc4 43. Bc3 Nb6 44. a5 Nc4 45. Be1 Kb5 46. a6 Kxa6
47. Bc3 Kb5 48. Bh8 Nd6 49. Be5 Kc6 50. Ke3 Nc4+ 51. Kf3 Nxe5+ 52. fxe5 c4 53.
Kf4 c3 54. Kxf5 c2 55. e6 c1=Q 0-1

[Event "East Lansing (MI Op/4/28)"]
[Site "?"]
[Date "1995.??.??"]
[Round "?"]
[White "Sledge, Ernest"]
[Black "Evans Sr., Thomas"]
[Result "0-1"]
[WhiteElo "1835"]
[BlackElo "1945"]
[PlyCount "98"]
[EventDate "1995.??.??"]

{4/(28)} 1. e4 e6 2. d4 d5 3. e5 c5 4. c3 cxd4 5. cxd4 Bb4+ 6. Nc3 Ne7 7. Bd3
O-O 8. Nf3 Qc7 9. Bd2 Bd7 10. O-O Bxc3 11. Bxc3 f5 12. Bb4 Nbc6 13. Bd6 Qd8 14.
Rc1 Re8 15. Ng5 h6 16. Nf3 Ng6 17. b4 Nh4 18. Bb1 Nxf3+ 19. Qxf3 Nxd4 20. Qe3
Nb5 21. a4 Nxd6 22. exd6 Bxa4 23. Qe5 Rc8 24. Rc7 Rxc7 25. dxc7 Qd7 26. Rc1 Rc8
27. Bd3 a6 28. Rc5 Bc6 29. h3 Kf7 30. Be2 Rxc7 31. b5 axb5 32. Bxb5 Rc8 33. Be2
Rd8 34. g4 Qd6 35. Qc3 d4 36. Qc4 d3 37. Bd1 f4 38. Rf5+ Ke7 39. Rxf4 g5 40.
Re4 Bxe4 41. Qxe4 Qd4 42. Qh7+ Kd6 43. Qxb7 Rd7 44. Qa6+ Ke7 45. Qa3+ Kf7 46.
Kg2 Ra7 47. Qb3 Qd5+ 48. Qxd5 exd5 49. Kf3 Re7 0-1

[Event "Troy (US Am N/2/9)"]
[Site "?"]
[Date "1995.??.??"]
[Round "?"]
[White "Skidmore, Mike"]
[Black "Vega, D."]
[Result "1-0"]
[WhiteElo "1975"]
[BlackElo "1730"]
[PlyCount "78"]
[EventDate "1995.??.??"]

{2/(9)} 1. e4 c5 2. Nf3 Nc6 3. Bb5 Qc7 4. O-O e6 5. c3 Nge7 6. d4 cxd4 7. Nxd4
e5 8. Nf3 d6 9. Nbd2 Bd7 10. Nc4 Ng6 11. Ne3 Be7 12. Nd5 Qd8 13. Nd2 a6 14. Ba4
b5 15. Bb3 a5 16. a3 a4 17. Ba2 Rc8 18. Nf3 Na5 19. Be3 Rb8 20. Nd2 h5 21. Qf3
Be6 22. Qe2 Bg4 23. f3 Be6 24. Qf2 Bxd5 25. Bxd5 Qc7 26. Ba7 Nf4 27. Bxb8 Qxb8
28. Qe1 Nd3 29. Qe3 Nf4 30. g3 Bd8 31. Kh1 Bb6 32. Qe1 Nd3 33. Qe2 Nxb2 34.
Qxb5+ Ke7 35. Qxb2 Qa7 36. Nc4 Nxc4 37. Bxc4 Rb8 38. Rab1 Qc7 39. Qb5 Bc5 1-0

[Event "East Lansing (MI Op/3/20)"]
[Site "?"]
[Date "1995.??.??"]
[Round "?"]
[White "Skidmore, Mike"]
[Black "Triplett, Thomas"]
[Result "0-1"]
[WhiteElo "1955"]
[BlackElo "1900"]
[PlyCount "94"]
[EventDate "1995.??.??"]

{3/(20)} 1. e4 c5 2. Nf3 d6 3. Bb5+ Bd7 4. Bxd7+ Nxd7 5. O-O Ngf6 6. Re1 g6 7.
c3 Bg7 8. d4 O-O 9. Bg5 h6 10. Bd2 Qb6 11. Qc1 Kh7 12. Na3 cxd4 13. Nxd4 Rac8
14. h3 Ne5 15. Qc2 Nfd7 16. Be3 Qa6 17. f4 Nc4 18. Nxc4 Qxc4 19. Qd2 Nc5 20. b3
Qa6 21. Bf2 Nd3 22. Rf1 Nxf2 23. Rxf2 Qb6 24. Rd1 Qc5 25. c4 a6 26. f5 Qe5 27.
Qe3 Bf6 28. Kh1 Qc5 29. g4 g5 30. Qd3 Kg7 31. Kg2 Rc7 32. Rfd2 Bxd4 33. Qxd4+
Qxd4 34. Rxd4 Rc5 35. f6+ Kxf6 36. Kf3 Rfc8 37. Ke3 Ke6 38. Kd3 b5 39. Rc1
bxc4+ 40. Rdxc4 Rxc4 41. Rxc4 Rxc4 42. Kxc4 Ke5 43. b4 Kxe4 44. a4 d5+ 45. Kc3
d4+ 46. Kd2 Kd5 47. Kd3 e5 0-1

[Event "Grand Rapids (MI Am/5/4)"]
[Site "?"]
[Date "1995.??.??"]
[Round "?"]
[White "Skidmore, Mike"]
[Black "Thurman, John"]
[Result "1-0"]
[WhiteElo "1975"]
[BlackElo "1750"]
[PlyCount "63"]
[EventDate "1995.??.??"]

{5/(4)} 1. e4 e6 2. d4 d5 3. exd5 exd5 4. Bd3 Nf6 5. Ne2 Be7 6. Ng3 O-O 7. O-O
Re8 8. Nf5 Bxf5 9. Bxf5 Nbd7 10. c3 Nf8 11. Nd2 c6 12. Nf3 Qc7 13. Ne5 Bd6 14.
f4 Ne6 15. Qf3 c5 16. Be3 cxd4 17. cxd4 g6 18. Bxe6 fxe6 19. Rac1 Qg7 20. Rc2
Rac8 21. Rfc1 Rxc2 22. Rxc2 Ne4 23. Qh3 Bxe5 24. fxe5 Qd7 25. Bh6 Qf7 26. Qf3
Qd7 27. Rc1 Qe7 28. Rf1 Rc8 29. h4 Rd8 30. Qg4 Re8 31. Qf3 Qd7 32. Qf8+ 1-0

[Event "East Lansing (Class A/1/3)"]
[Site "?"]
[Date "1995.??.??"]
[Round "?"]
[White "Skidmore, Mike"]
[Black "Steverson, Bunnard"]
[Result "0-1"]
[WhiteElo "1945"]
[BlackElo "1885"]
[PlyCount "124"]
[EventDate "1995.??.??"]

{1/(3)} 1. e4 c5 2. Nf3 d6 3. Bb5+ Bd7 4. Bxd7+ Nxd7 5. O-O Ngf6 6. Qe2 Qc7 7.
Nc3 e6 8. d3 a6 9. h3 b5 10. Bf4 Be7 11. e5 dxe5 12. Nxe5 Bd6 13. Nxd7 Qxd7 14.
Bg5 Be7 15. Rab1 O-O 16. Bxf6 Bxf6 17. Ne4 Be7 18. Qe3 Rac8 19. Rfe1 Rfd8 20.
Rbd1 Qd5 21. b3 b4 22. Nd2 Bf6 23. Nc4 Bd4 24. Qg3 Qh5 25. Nd6 Rc6 26. Ne4 e5
27. Qg5 Qxg5 28. Nxg5 f6 29. Nf3 a5 30. Re4 Ra8 31. Nd2 a4 32. Nc4 axb3 33.
axb3 Ra2 34. Rc1 Bc3 35. Re2 Rc8 36. Nb6 Rd8 37. Kf1 Ra1 38. Rxa1 Bxa1 39. Re1
Bd4 40. Na4 Kf7 41. Rc1 Rb8 42. Ke2 f5 43. Rb1 g5 44. f3 h5 45. Kd2 g4 46. c3
bxc3+ 47. Nxc3 gxh3 48. gxh3 Rg8 49. Ne2 Rg2 50. Rc1 Rf2 51. Rc4 Ke6 52. f4
exf4 53. Ke1 Be3 54. d4 f3 55. Nf4+ Kd7 56. dxc5 Rb2 57. Nd3 Rb1+ 58. Nc1 Rxc1+
59. Rxc1 Bxc1 60. Kf2 Kc6 61. b4 Bf4 62. Kxf3 Bc7 0-1

[Event "East Lansing (MI Op/1b/15)"]
[Site "?"]
[Date "1995.??.??"]
[Round "?"]
[White "Skidmore, Mike"]
[Black "Smith, Daryn"]
[Result "1-0"]
[WhiteElo "1955"]
[BlackElo "1825"]
[PlyCount "63"]
[EventDate "1995.??.??"]

1. e4 e5 2. Nf3 Nc6 3. Bb5 a6 4. Ba4 Nf6 5. O-O Be7 6. d3 b5 7. Bb3 h6 8. Bd5
Nxd5 9. exd5 Nb4 10. Nxe5 O-O 11. c4 bxc4 12. dxc4 a5 13. a3 Na6 14. Bd2 Nc5
15. Nc3 Bf6 16. Be3 Nb7 17. Bd4 Nd6 18. Qd3 Rb8 19. Rab1 Ba6 20. b3 Re8 21.
Rfe1 Re7 22. Na4 Qe8 23. f4 Bc8 24. Nc5 Nb7 25. Na6 Nd8 26. Nxc7 Qf8 27. d6 Re6
28. Nxe6 Nxe6 29. Be3 Qd8 30. Ng4 Bb7 31. Qf5 Nd4 32. Nxf6+ 1-0

[Event "East Lansing (MI Op/5/20)"]
[Site "?"]
[Date "1995.??.??"]
[Round "?"]
[White "Skidmore, Mike"]
[Black "Smalec, John"]
[Result "1-0"]
[WhiteElo "1955"]
[BlackElo "1760"]
[PlyCount "149"]
[EventDate "1995.??.??"]

{5/(20)} 1. e4 e6 2. Nf3 d5 3. exd5 exd5 4. d4 Nc6 5. c3 Bd6 6. Bd3 Nge7 7. O-O
O-O 8. Re1 Ng6 9. Nbd2 Nf4 10. Bb1 Bg4 11. Nf1 Qd7 12. Qc2 f5 13. Ne5 Bxe5 14.
dxe5 Ne6 15. Ne3 g6 16. Nxg4 fxg4 17. Qa4 Qf7 18. Qc2 Kg7 19. b3 d4 20. Ba3
Rfe8 21. cxd4 Ncxd4 22. Qe4 Nc6 23. Qxg4 Rad8 24. Bb4 Rd4 25. Re4 Red8 26. Bc2
Nxb4 27. Rxd4 Rxd4 28. Qe2 Nxc2 29. Qxc2 Qf5 30. Rf1 Qxe5 31. Qc3 Re4 32. Qd3
Qd4 33. Qc2 Qe5 34. Qd2 Qd4 35. Qc2 c6 36. Rd1 Qe5 37. Rd7+ Kf6 38. g3 Nd4 39.
Qd3 Re1+ 40. Kg2 Qe4+ 41. Qxe4 Rxe4 42. Rxb7 Re7 43. Rb4 Ke5 44. f4+ Kd5 45.
Kh3 Rf7 46. Kg4 Rf5 47. Ra4 h5+ 48. Kh3 Rf7 49. Ra5+ Kd6 50. Kh4 Nb5 51. Kg5
Ke6 52. Kxg6 Rf5 53. Ra6 Nd4 54. Rxa7 h4 55. Ra4 Rf6+ 56. Kg5 Nf3+ 57. Kg4
Nxh2+ 58. Kxh4 Rh6+ 59. Kg5 Rf6 60. Re4+ Kf7 61. f5 Nf3+ 62. Kf4 Ng1 63. Ra4
Nh3+ 64. Ke5 Rh6 65. Ra7+ Kg8 66. g4 Ng5 67. a4 Nf7+ 68. Kf4 Rd6 69. Rb7 Rd4+
70. Kg3 Ne5 71. a5 Rxg4+ 72. Kh3 Rg1 73. a6 Ra1 74. a7 Nd7 75. Rb8+ 1-0

[Event "Troy (US Am N/6/12)"]
[Site "?"]
[Date "1995.??.??"]
[Round "?"]
[White "Skidmore, Mike"]
[Black "Moore, Robert"]
[Result "1-0"]
[WhiteElo "1975"]
[BlackElo "1715"]
[PlyCount "41"]
[EventDate "1995.??.??"]

{6/(12)} 1. e4 c5 2. Nf3 d6 3. Bb5+ Bd7 4. Bxd7+ Nxd7 5. O-O Ngf6 6. Re1 g6 7.
c3 Bg7 8. d3 O-O 9. Nbd2 a6 10. Nf1 b5 11. Bg5 Qc7 12. Qd2 Rfe8 13. Bh6 e5 14.
Bxg7 Kxg7 15. Ng3 Nf8 16. Qg5 Ne6 17. Nf5+ Kf8 18. Qxf6 gxf5 19. exf5 Nf4 20.
Qh6+ Ke7 21. Qxf4 1-0

[Event "Grand Rapids (MI Am/3/13)"]
[Site "?"]
[Date "1995.??.??"]
[Round "?"]
[White "Skidmore, Mike"]
[Black "Miller, J."]
[Result "1-0"]
[WhiteElo "1975"]
[BlackElo "1605"]
[PlyCount "51"]
[EventDate "1995.??.??"]

{3/(13)} 1. e4 e6 2. d4 d5 3. exd5 exd5 4. Bd3 Nf6 5. Ne2 Bd6 6. Ng3 Be6 7. O-O
Nbd7 8. Bg5 h6 9. Bd2 c6 10. Nf5 Bxf5 11. Bxf5 Qc7 12. Re1+ Be7 13. Bb4 c5 14.
dxc5 Nxc5 15. Nc3 Rd8 16. Qe2 Nfe4 17. f3 Nxc3 18. bxc3 h5 19. Qb5+ Kf8 20.
Rxe7 Kxe7 21. Bxc5+ Kf6 22. Bd3 Rhe8 23. Bd4+ Kg5 24. Qb1 f5 25. Qc1+ Qf4 26.
h4+ 1-0

[Event "Detroit (MI Action/1/5)"]
[Site "?"]
[Date "1995.??.??"]
[Round "?"]
[White "Skidmore, Mike"]
[Black "Menczer, David"]
[Result "1-0"]
[WhiteElo "1935"]
[BlackElo "1605"]
[PlyCount "63"]
[EventDate "1995.??.??"]

{1/(5)} 1. e4 e5 2. Nf3 Nc6 3. Bb5 Nf6 4. d3 Bc5 5. O-O a6 6. Bxc6 dxc6 7. Nxe5
Qe7 8. d4 Bd6 9. Nf3 Ng4 10. c3 Bxh2+ 11. Nxh2 Qh4 12. Nf3 Qh5 13. Bf4 Be6 14.
d5 cxd5 15. exd5 Bf5 16. Re1+ Kd7 17. Ne5+ Kc8 18. Nxg4 Bxg4 19. Qd4 f6 20. Qc5
Qf7 21. Re7 Qxe7 22. Qxe7 Bd7 23. Na3 Re8 24. Qxg7 b6 25. Nc4 Rb8 26. Bh2 b5
27. Na5 Rb6 28. Nc6 Rxc6 29. dxc6 Rd8 30. Rd1 f5 31. Rxd7 Rxd7 32. Qxd7+ 1-0

[Event "Detroit (MI Action/3/4)"]
[Site "?"]
[Date "1995.??.??"]
[Round "?"]
[White "Skidmore, Mike"]
[Black "McNeil, Yaking"]
[Result "1-0"]
[WhiteElo "1935"]
[BlackElo "1605"]
[PlyCount "59"]
[EventDate "1995.??.??"]

{3/(4)} 1. e4 c5 2. Nf3 Nc6 3. Bb5 Qc7 4. O-O e6 5. Re1 Bd6 6. Bxc6 Qxc6 7. c4
Ne7 8. b3 Bc7 9. Bb2 O-O 10. Nc3 f5 11. d3 a6 12. Qd2 b5 13. Qg5 Ng6 14. g3
fxe4 15. Nh4 Bd8 16. Qh5 Bxh4 17. gxh4 exd3 18. Ne4 Bb7 19. Qg5 Rf5 20. Qg3
Raf8 21. Re3 Rxf2 22. Nxf2 Rxf2 23. Kxf2 bxc4 24. h5 e5 25. hxg6 hxg6 26. Rg1
d2 27. Ke2 cxb3 28. Qxe5 Qb5+ 29. Kxd2 Qb4+ 30. Bc3 1-0

[Event "Troy (US Am N/4/10)"]
[Site "?"]
[Date "1995.??.??"]
[Round "?"]
[White "Skidmore, Mike"]
[Black "Key_Smith, G."]
[Result "1-0"]
[WhiteElo "1975"]
[BlackElo "1745"]
[PlyCount "45"]
[EventDate "1995.??.??"]

{4/(10)} 1. e4 e6 2. d4 d5 3. exd5 exd5 4. Bd3 Bd6 5. Nf3 Bg4 6. O-O Nc6 7.
Re1+ Nge7 8. c3 Qd7 9. Nbd2 O-O-O 10. b4 h5 11. Qa4 h4 12. b5 Nb8 13. Ne5 Bxe5
14. dxe5 d4 15. Ne4 dxc3 16. Nc5 Qd5 17. Qxg4+ Nd7 18. Ba3 Kb8 19. Nxd7+ Rxd7
20. Bc4 Qd4 21. Qxd4 Rxd4 22. Bxf7 Rf8 23. e6 1-0